Introduction to mechanics of solids (Record no. 6446)

000 -LEADER
fixed length control field 00525nam a22001931 4500
001 - CONTROL NUMBER
control field 6446
003 - CONTROL NUMBER IDENTIFIER
control field BD-DhUET
008 - FIXED-LENGTH DATA ELEMENTS--GENERAL INFORMATION
fixed length control field 700820s1968 njua b 000 0 eng
040 ## - CATALOGING SOURCE
Original cataloging agency DLC
Transcribing agency DLC
Modifying agency BD-DhUET
082 00 - DEWEY DECIMAL CLASSIFICATION NUMBER
Classification number 620.11
Item number POP/1968
100 ## - MAIN ENTRY--PERSONAL NAME
Personal name Egor P. Popov
245 10 - TITLE STATEMENT
Title Introduction to mechanics of solids
250 ## - EDITION STATEMENT
Edition statement 1st ed.
260 ## - PUBLICATION, DISTRIBUTION, ETC. (IMPRINT)
Place of publication, distribution, etc. New Jersey
Name of publisher, distributor, etc. Prentice-Hall
Date of publication, distribution, etc. 1968
300 ## - PHYSICAL DESCRIPTION
Extent xix, 571p.
Other physical details illus.
490 0# - SERIES STATEMENT
Series statement Civil engineering and engineering mechanics series
650 #0 - SUBJECT ADDED ENTRY--TOPICAL TERM
Topical term or geographic name as entry element Strength of materials
942 ## - ADDED ENTRY ELEMENTS (KOHA)
Koha item type General Book
Holdings
Koha date last seen Koha item type Koha date last borrowed Koha issues (times borrowed) Source of classification or shelving scheme Koha full call number Sublocation or collection (holding branch) Koha normalized classification for sorting Shelving location Damaged status Price effective from Not for loan Date acquired Location (home branch) Lost status Copy number Koha out on loan Piece designation (barcode) Withdrawn status
2014-12-15General Book   620.11/POP/1968Central Library, BUET620_110000000000000_POP_1968Circulation section 2014-12-15 2014-12-15Central Library, BUET 1 39984 
2025-11-30General Book2025-11-302 620.11/POP/1968Central Library, BUET620_110000000000000_POP_1968Circulation section 2014-12-15 2014-12-15Central Library, BUET 22025-12-1440240 
2014-12-15General Book   620.11/POP/1968Central Library, BUET620_110000000000000_POP_1968Circulation section 2014-12-15 2014-12-15Central Library, BUET 3 62168 
2025-04-20General Book2024-03-197 620.11/POP/1968Central Library, BUET620_110000000000000_POP_1968Circulation section 2014-12-15 2014-12-15Central Library, BUET 4 74505 
2015-06-29Reading Item   620.11/POP/1968Central Library, BUET620_110000000000000_POP_1968Reading section 2015-06-29 2015-06-29Central Library, BUET 5 42955